00729nam a2200205 a 4500008004100000020001500041050001400056100001800070245009300088250001200181260004900193300001400242350000900256500006200265650002900327650002200356650002700378856005500405856006300460120416s1993 ||||||||||||||||| || u a0521429153 aQ 223 Boo aBooth, Vernon10aCommunicating in science: writing a scientific paper and speaking at scientific meetings a2nd ed. aCambridge:bCambridge University Pressc1993 axvi, 78p. a0.00 aIncludes bibliographical references (p. 69-73) and index. aCOMMUNICATION IN SCIENCE 0aTECHNICAL WRITING aLECTURES AND LECTURING uhttp://www.loc.gov/catdir/toc/cam021/92037481.html uhttp://www.loc.gov/catdir/description/cam025/92037481.html